[Event "TUR-ch (Women)"]
[Site "Antalya"]
[Date "2019.03.08"]
[Round "8"]
[White "Tanir, Simay"]
[Black "Tolgar, Ayse"]
[Result "0-1"]
[WhiteElo "1432"]
[BlackElo "1132"]
[PlyCount "156"]
[EventDate "2019.03.03"]
[EventType "swiss"]
[EventRounds "9"]
[EventCountry "TUR"]
[SourceTitle "CBM 189 Extra"]
[Source "ChessBase"]
[SourceDate "2019.06.03"]
[SourceVersion "1"]
[SourceVersionDate "2019.06.03"]
[SourceQuality "1"]

1. d4 Nf6 2. c4 e6 3. Nc3 d5 4. cxd5 exd5 5. Bg5 Be7 6. e3 0-0 7. Bd3 Nbd7 8. Qc2 b6 9. Nf3 Bb7 10. 0-0 h6 11. Bf4 c5 12. a4 c4 13. Bf5 Nh5 14. Be5 a6 15. Kh1 Nhf6 16. Bxf6 Nxf6 17. Ne5 Bd6 18. f4 Bc8 19. Bxc8 Qxc8 20. b3 Bb4 21. bxc4 dxc4 22. Na2 Be7 23. Qxc4 Qf5 24. Qb3 Qe4 25. Qd3 Qb7 26. Nc3 Rac8 27. Rfc1 Bb4 28. Nd1 Ne4 29. Nf3 Rfe8 30. Kg1 a5 31. Nf2 Nc3 32. Nd2 Nd5 33. Nd1 Qe7 34. Nf1 Qh4 35. Qf5 Rxc1 36. Rxc1 Ne7 37. Qd7 Rf8 38. g3 Qh5 39. Nf2 Qe2 40. Qb5 Qxb5 41. axb5 a4 42. Nd3 Bd6 43. e4 Rc8 44. e5 Rxc1 45. Nxc1 Bb4 46. Na2 Be1 47. Ne3 Kf8 48. Kf1 Bd2 49. Nc4 Ba5 50. Nb2 a3 51. Nc4 Nf5 52. Nxa5 bxa5 53. b6 Nxd4 54. b7 Nc6 55. Ke2 Ke7 56. Kd3 Kd7 57. Kc4 Kc7 58. b8Q+ Kxb8 59. Kb3 Nb4 60. Kxa3 Nxa2 61. Kxa2 Kc7 62. Ka3 Kc6 63. Ka4 Kb6 64. Ka3 Kb5 65. Kb3 a4+ 66. Ka3 g6 67. g4 g5 68. f5 Kc5 69. e6 fxe6 70. fxe6 Kd6 71. e7 Kxe7 72. Kxa4 Ke6 73. Kb4 Kd5 74. Kc3 Ke4 75. Kd2 Kf3 76. h3 Kg3 77. Ke3 Kxh3 78. Kf3 Kh4 0-1